00462nam a2200145 a 4500008004100000020001500041050001500056100001700071245011700088250001200205260004900217300002000266350000900286650002100295120416s1999 ||||||||||||||||| || u a0872011496 aTJ 930 Par aParker, M. E10aPipeline corrosion and cathodic protection: a practical manual for corrosion engineers, technicians--- (3rd ed.) a3rd ed. aHouston:bGulf Professional Publishingc1999 ax, 166p. : ill. a0.00 7aTECHNOLOGY2fast